España y el Norte de Europa durante la Revolución Francesa / (Registro nro. 137913)

Detalles MARC
000 -LEADER
campo de control de longitud fija 00807nam a2200217 4500
001 - NÚMERO DE CONTROL
campo de control 137913
003 - IDENTIFICADOR DE NÚMERO DE CONTROL
campo de control ES-MaACL
005 - FECHA Y HORA DE LA ÚLTIMA TRANSACCIÓN
campo de control 20230906195451.0
007 - CAMPO FIJO DE DESCRIPCIÓN FÍSICA--INFORMACIÓN GENERAL
campo de control de longitud fija t|
008 - DATOS DE LONGITUD FIJA--INFORMACIÓN GENERAL
campo de control de longitud fija 070214s1963 sp r ||||1| spa d
100 1# - ENTRADA PRINCIPAL--NOMBRE DE PERSONA
Nombre de persona Sánchez Diana, José María.
9 (RLIN) 102609
245 10 - MENCIÓN DEL TÍTULO
Título España y el Norte de Europa durante la Revolución Francesa /
Mención de responsabilidad, etc. por José María Sánchez Diana.
260 ## - PUBLICACIÓN, DISTRIBUCIÓN, ETC.
Lugar de publicación, distribución, etc. Valladolid :
Nombre del editor, distribuidor, etc. [s. n.],
Fecha de publicación, distribución, etc. 1963 (
Fabricante Gráf. Andrés Martín)
300 ## - DESCRIPCIÓN FÍSICA
Extensión 102 p. ;
Dimensiones 22 cm.
490 1# - MENCIÓN DE SERIE
Mención de serie Estudios y documentos
500 ## - NOTA GENERAL
Nota general Precede al tít.: Universidad de Valladolid, Facultad de Filosofía y Letras.
710 2# - ENTRADA AGREGADA--NOMBRE DE ENTIDAD CORPORATIVA
Nombre de entidad corporativa o nombre de jurisdicción como elemento de entrada Universidad de Valladolid.
Unidad subordinada Facultad de Filosofía y Letras.
9 (RLIN) 7344
830 0# - PUNTO DE ACCESO ADICIONAL DE SERIE-TÍTULO UNIFORME
Título uniforme Estudios y documentos
9 (RLIN) 182659
852 ## - LOCALIZACIÓN
Ubicación ES-MaACL
Número de control de estantería C-25006
Sublocalización o colección R.53874
Existencias
Estatus retirado Estado de pérdida Estado de daño No para préstamo Biblioteca de origen Biblioteca actual Ubicación en estantería Fecha de adquisición Fuente de adquisición Total de préstamos Signatura topográfica completa Código de barras Visto por última vez Precio de reemplazo Tipo de ítem Koha
        Biblioteca del Ateneo de Madrid Biblioteca del Ateneo de Madrid Depósito 2 17/01/2008     C-25006 1143513 23/02/2023 23/02/2023 Libro impreso